| 000 | 006040000a22001810004500 | ||
|---|---|---|---|
| 003 | MACL | ||
| 005 | 20160520140216.0 | ||
| 008 | 160520b xxu||||| |||| 00| 0 eng d | ||
| 040 |
_aMACL _cMACL |
||
| 041 | _aHindi | ||
| 082 | _a891.433 | ||
| 100 |
_aराकेश, अनीता _958099 |
||
| 245 |
_aचन्द्र सतरें और तथा कहानियां _cअनीता राकेश |
||
| 260 |
_bराधाकृष्ण प्रकाशन _c1993 _aदिल्ली |
||
| 350 | _a125 | ||
| 650 |
_aStory _958493 |
||
| 942 |
_cHIN _k891.433/RAK/S _2ddc |
||
| 999 |
_c19833 _d19833 |
||